Hadoop Operations And Cluster Management Cookbook (Record no. 333886)

MARC details
000 -LEADER
fixed length control field 00536nam a2200169Ia 4500
008 - FIXED-LENGTH DATA ELEMENTS--GENERAL INFORMATION
fixed length control field 230718s9999 xx 000 0 und d
020 ## - INTERNATIONAL STANDARD BOOK NUMBER
International Standard Book Number 9789351102410
041 ## - LANGUAGE CODE
Language code of text/sound track or separate title eng
082 ## - DEWEY DECIMAL CLASSIFICATION NUMBER
Classification number 004.35
Item number GUO
100 ## - MAIN ENTRY--PERSONAL NAME
Personal name Guo S.
245 ## - TITLE STATEMENT
Title Hadoop Operations And Cluster Management Cookbook
Remainder of title Over 60 Recipes Showing You How To Design, Configure, Manage, Monitor, And Tune A Hadoop Cluster
260 ## - PUBLICATION, DISTRIBUTION, ETC. (IMPRINT)
Date of publication, distribution, etc. 2013
Name of publisher, distributor, etc. Packt/SPD
300 ## - PHYSICAL DESCRIPTION
Extent 351
365 ## - TRADE PRICE
Currency code Rs.
Price amount 650.00
700 ## - ADDED ENTRY--PERSONAL NAME
Personal name Guo S.
906 ## - LOCAL DATA ELEMENT F, LDF (RLIN)
d O:22-Oct-2013B:411117-Sep-2013
c COMP
b 286
Holdings
Withdrawn status Lost status Damaged status Not for loan Home library Current library Date acquired Vendor Budget Code Cost, normal purchase price Bill number Total Checkouts Full call number Barcode Date last seen Discount Cost, replacement price Bill Date Koha item type Original Barcode
        Cummins College of Engineering for Women Pune Cummins College of Engineering for Women Pune 22/10/2013 Technical Book Services COMP 507.00 4111   004.35 CCEP-BK-45093 18/07/2023 286 650.00 17/09/2013 Books 045093